Ruth. (Record no. 112066)
[ view plain ]
| 000 -LEADER | |
|---|---|
| fixed length control field | 00466nam a2200181 a 4500 |
| 001 - CONTROL NUMBER | |
| control field | 0011 |
| 005 - DATE AND TIME OF LATEST TRANSACTION | |
| control field | 20140414131927.0 |
| 008 - FIXED-LENGTH DATA ELEMENTS--GENERAL INFORMATION | |
| fixed length control field | 040726s19uu xx 00 eng d |
| 020 ## - INTERNATIONAL STANDARD BOOK NUMBER | |
| International Standard Book Number | 962-293-469-2 |
| 050 ## - LIBRARY OF CONGRESS CALL NUMBER | |
| Classification number | ER |
| Item number | R93 1995 |
| 245 ## - TITLE STATEMENT | |
| Title | Ruth. |
| 260 ## - PUBLICATION, DISTRIBUTION, ETC. (IMPRINT) | |
| Place of publication, distribution, etc | Hong Kong : |
| Name of publisher, distributor, etc | Hong Kong Bible Society, |
| Date of publication, distribution, etc | 1995. |
| 300 ## - PHYSICAL DESCRIPTION | |
| Extent | 1 v. : ill. ; cm |
| 440 ## - SERIES STATEMENT/ADDED ENTRY--TITLE | |
| Title | Words of wisdom series |
| 650 ## - SUBJECT ADDED ENTRY--TOPICAL TERM | |
| Topical term or geographic name as entry element | Bible stories |
| General subdivision | O.T. |
| 650 ## - SUBJECT ADDED ENTRY--TOPICAL TERM | |
| Topical term or geographic name as entry element | Bible character |
| General subdivision | O.T. |
| Withdrawn status | Lost status | Damaged status | Use restrictions | Home library | Current library | Shelving location | Date acquired | Source of acquisition | Total Checkouts | Full call number | Barcode | Date last seen | Price effective from | Koha item type |
|---|---|---|---|---|---|---|---|---|---|---|---|---|---|---|
| Munich Library | Munich Library | Easy Reading Section | 07/26/2004 | ER R93 1995 | M3079 | 04/14/2014 | 04/14/2014 | Books |